|
|
|
|
| LEADER |
02326nam a2200553 4500 |
| 001 |
ocn828423668 |
| 003 |
OCoLC |
| 005 |
20170124071533.9 |
| 006 |
m o d |
| 007 |
cr cnu---unuuu |
| 008 |
130225s2011 enka ob 001 0 eng d |
| 040 |
|
|
|a N$T
|b eng
|e pn
|c N$T
|d DG1
|d IDEBK
|d E7B
|d YDXCP
|d OCLCF
|d UKDOC
|d CCO
|d OCLCQ
|d COO
|d OCLCQ
|d LOA
|d DG1
|d OCLCQ
|d GrThAP
|
| 019 |
|
|
|a 960200741
|a 961603096
|a 962655902
|
| 020 |
|
|
|a 9781118604281
|q (electronic bk.)
|
| 020 |
|
|
|a 1118604288
|q (electronic bk.)
|
| 020 |
|
|
|a 9781118604243
|q (electronic bk.)
|
| 020 |
|
|
|a 1118604245
|q (electronic bk.)
|
| 020 |
|
|
|z 9781848213029
|
| 020 |
|
|
|z 1848213026
|
| 029 |
1 |
|
|a CHBIS
|b 010026772
|
| 029 |
1 |
|
|a CHVBK
|b 306245671
|
| 029 |
1 |
|
|a DEBBG
|b BV041907981
|
| 029 |
1 |
|
|a DKDLA
|b 820120-katalog:000696484
|
| 029 |
1 |
|
|a NLGGC
|b 356836444
|
| 029 |
1 |
|
|a NZ1
|b 16077614
|
| 035 |
|
|
|a (OCoLC)828423668
|z (OCoLC)960200741
|z (OCoLC)961603096
|z (OCoLC)962655902
|
| 050 |
|
4 |
|a QD502
|b .S68 2011eb
|
| 072 |
|
7 |
|a SCI
|x 013050
|2 bisacsh
|
| 082 |
0 |
4 |
|a 541/.394
|2 23
|
| 049 |
|
|
|a MAIN
|
| 100 |
1 |
|
|a Soustelle, Michel.
|
| 245 |
1 |
3 |
|a An introduction to chemical kinetics /
|c Michel Soustelle.
|
| 264 |
|
1 |
|a London :
|b ISTE ;
|c 2011.
|
| 264 |
|
1 |
|a Hoboken, NJ :
|b Wiley,
|c 2011.
|
| 300 |
|
|
|a 1 online resource (xix, 448 pages) :
|b illustrations
|
| 336 |
|
|
|a text
|b txt
|2 rdacontent
|
| 337 |
|
|
|a computer
|b c
|2 rdamedia
|
| 338 |
|
|
|a online resource
|b cr
|2 rdacarrier
|
| 500 |
|
|
|a "Adapted and updated from Cinétique chimique : éléments fondamentaux & Mécanismes réactionnels et cinétique chimique published 2011 in France by Hermes Science/Lavoisier."
|
| 504 |
|
|
|a Includes bibliographical references and index.
|
| 588 |
0 |
|
|a Print version record.
|
| 505 |
0 |
|
|a pt. 1. Basic concepts of chemical kinetics -- pt. 2. Reaction mechanisms and kinetic properties.
|
| 650 |
|
0 |
|a Chemical kinetics.
|
| 650 |
|
7 |
|a SCIENCE
|x Chemistry
|x Physical & Theoretical.
|2 bisacsh
|
| 650 |
|
7 |
|a Chemical kinetics.
|2 fast
|0 (OCoLC)fst00853025
|
| 655 |
|
4 |
|a Electronic books.
|
| 776 |
0 |
8 |
|i Print version:
|a Soustelle, Michel.
|t Introduction to chemical kinetics.
|d London : ISTE ; Hoboken, NJ : Wiley, 2011
|z 9781848213029
|w (DLC) 2011014704
|w (OCoLC)725827585
|
| 856 |
4 |
0 |
|u https://doi.org/10.1002/9781118604243
|z Full Text via HEAL-Link
|
| 994 |
|
|
|a 92
|b DG1
|